Statystyki dla Stopnie w Wojsku Polskim (Marynarka Wojenna)

Kliknij tutaj aby rozwiązać quiz!

Ogólne statystyki

  • Ten quiz został rozwiązany 654 razy
  • Średni wynik to 15 z 21

Statystyki odpowiedzi

Odpowiedź% Poprawnych
Marynarz
98%
Starszy Marynarz
97%
Mat
91%
Starszy Mat
90%
Bosman
85%
Bosmanmat
84%
Starszy Bosman
84%
Młodszy Chorąży Marynarki
72%
Chorąży Marynarki
71%
Starszy Chorąży Marynarki
71%
Starszy Chorąży Sztabowy Marynarki
67%
Podporucznik Marynarki
63%
Porucznik Marynarki
62%
Kapitan Marynarki
60%
Admirał
56%
Komandor Podporucznik
55%
Komandor
54%
Komandor Porucznik
54%
Kontradmirał
51%
Admirał Floty
49%
Wiceadmirał
49%

Rozkład punktacji

Percentyl według liczby udzielonych odpowiedzi

Procent ludzi z każdym wynikiem

Twoja historia wyników

Nie rozwiązałeś tego quizu